| 000 | 00912nam a2200289 i 4500 | ||
|---|---|---|---|
| 003 | DO-SdBNP | ||
| 005 | 20260209111503.0 | ||
| 007 | ta | ||
| 008 | 260209b2003 dr a|||| |||| 00| 0 spa d | ||
| 020 | _a9993476692 | ||
| 040 |
_aDO-SdBNP _bspa _cBNPHU _erda |
||
| 041 | _aspa | ||
| 082 | 4 |
_axxx _bH519p _222 |
|
| 100 | 1 |
_aHenríquez Gratereaux, Federico, _d1937- _eautor _4aut. _92003 |
|
| 245 | 1 | 0 |
_aPecho y espalda / _cFederico Henríquez Gratereaux. |
| 246 | _aPecho & espalda | ||
| 250 | _aPrimera edición | ||
| 264 |
_aSanto Domingo, República Dominicana : _bEditora Alfa & Omega, _c2003. |
||
| 300 |
_a139 páginas ; _c23 cm. |
||
| 336 |
_atexto _btxt _2rdacontent |
||
| 337 |
_asin mediación _bn _2rdamedia |
||
| 338 |
_avolumen _bnc _2rdacarrier |
||
| 500 | _aIncluye datos biográficos del autor en la contracubierta | ||
| 590 | _aInventariado, 2026 /LP | ||
| 910 | _aLP | ||
| 942 |
_2ddc _cLBS1 |
||
| 999 |
_c60257 _d60257 |
||